000 01030nam a2200289 a 4500
999 _c322774
_d322774
003 BLK
005 20250714122616.0
008 180830b bul||||| |||| 00| 0 bul d
020 _a978-954-655-792-6
040 _aBLK
041 _aBUL
_cBUL
080 _aАмериканска литература (на САЩ)
_b821.111(73)
_x-31
_z821.111(73)-31
100 _aМакгий, Катрин
_9390046
139 _aМакгий, Катрин
_bМ 19
245 _aСияйни висини
_cКатрин Макгий ; прев. от англ. Цветана Генчева
260 _bБард
_c2017
_aСофия
300 _a383 с.
_c21 см
380 _aX
500 _aОриг. загл.: The dazzling heights / Katharine MacGee. - Кн. е продълж. на "Хилядният етаж"
765 _aThe dazzling heights
852 _aЦб 289413
942 _cKNG
_2udc
_n0
_08
_s1
999 _d322774
999 _d322774
999 _d322774
944 _k30531
_lЦветелина Шанова